000 01289nam a2200325Ia 4500
001 ebr10300379
003 CaPaEBR
006 m u
007 cr cn|||||||||
008 090327s2009 gw a sb 001 0 ger d
010 _z 2009412946
020 _z9783110198256
040 _aCaPaEBR
_cCaPaEBR
035 _a(OCoLC)647779852
050 1 4 _aPJ7519.H87
_bH87 2009eb
245 0 0 _aHumor in der arabischen Kultur
_h[electronic resource] =
_bHumor in Arabic culture /
_cherausgegeben von Georges Tamer.
246 3 1 _aHumor in Arabic culture
260 _aBerlin :
_bDe Gruyter,
_c2009.
300 _axx, 387 p. :
_bill.
504 _aIncludes bibliographical references and index.
533 _aElectronic reproduction.
_bPalo Alto, Calif. :
_cebrary,
_d2009.
_nAvailable via World Wide Web.
_nAccess may be limited to ebrary affiliated libraries.
546 _aGerman and English.
650 0 _aArabic literature
_xHistory and criticism.
650 0 _aHumor in literature.
650 0 _aArabic wit and humor
_xReligious aspects
_xIslam.
655 7 _aElectronic books.
_2local
700 1 _aTamer, Georges.
710 2 _aebrary, Inc.
856 4 0 _uhttp://site.ebrary.com/lib/rucke/Doc?id=10300379
_zAn electronic book accessible through the World Wide Web; click to view
999 _c65859
_d65859